00889nam a2200205 i 450000100060000000300090000600500170001500700030003200800410003510000300007624500880010626000900019430000330028450000900031771000640040771000440047185200310051599900170054695201200056382743ES-MaACL20240527195142.0t|041111s1954 sp ||||1| spa d1 aIdoate, Florencio.96504914aLas fortificaciones de Pamplona a partir de la conquistas de Navarra / cF. Idoate. aPamplona : bDiputación Foral de Navarra, Institución Príncipe de Viana,c1954. a100 h., 25 lám. ; c27 cm. aEs separata de: Revista Príncipe de Viana. Año XV (1954) Nos LIV y LV. P. 57-154.1 aNavarra (Comunidad Autónoma). bDiputación Foral.959842 aInstitución Príncipe de Viana94730 aES-MaACLjC-9179 bR.36865 c82743d82743 00104070aATENEOMbATENEOMcSPALd2008-01-17eSCl0oC-9179p1086475r2023-02-23 00:00:00w2023-02-23yMONOGRAFIA